Biggest Cities in Madhya Pradesh - Statistics

General Stats
  • This quiz has been taken 82 times
  • The average score is 6 of 10
Answer Stats
Population City % Correct
2,170,295 Indore
100%
1,886,100 Bhopal
97%
1,268,848 Jabalpur
84%
1,117,740 Gwalior
78%
515,215 Ujjain
71%
235,654 Rewa
53%
370,208 Sagar
52%
282,977 Satna
47%
273,998 Ratlam
38%
289,550 Dewas
21%
No matching quizzes found
Score Distribution
Percent of People with Each Score
Percentile by Number Answered
Your Score History
You have not taken this quiz